000 00469nam a2200181Ia 4500
005 20250326142511.0
008 250326s9999 xx 000 0 und d
037 _aTextbook
040 _aFMSL
_beng
_cFMSL
041 _aeng
_2eng
084 _aY:7 N9
_qFMSL
100 _aLang D
_9746168
245 4 _aThe new secrets of Charisma
_cLang D
260 _aUS
_bUS, Contmeporary
_c1999
300 _a322p
942 _cTB
_hY:7 N9
999 _c1295327
_d1295327